Fr. Conceicao Rodrigues College of Engineering

Operations Management (Record no. 32016)

MARC details
000 -LEADER
fixed length control field 00342nam a2200157Ia 4500
082 ## - DEWEY DECIMAL CLASSIFICATION NUMBER
Classification number 658.1554/MON
Item number MON
100 ## - MAIN ENTRY--PERSONAL NAME
Personal name Monks/Joseph G
250 ## - EDITION STATEMENT
Edition statement 2
245 ## - TITLE STATEMENT
Title Operations Management
260 ## - PUBLICATION, DISTRIBUTION, ETC.
Name of publisher, distributor, etc. Tata Mc Graw hill pub co
Place of publication, distribution, etc. New Delhi
Date of publication, distribution, etc. 2007
366 ## - TRADE AVAILABILITY INFORMATION
Publishers's discount category 20
546 ## - LANGUAGE NOTE
Language note ENGLISH
654 ## - SUBJECT ADDED ENTRY--FACETED TOPICAL TERMS
Focus term operations
942 ## - ADDED ENTRY ELEMENTS (KOHA)
Koha item type BOOK
Holdings
Withdrawn status Lost status Damaged status Not for loan Collection Home library Current library Date acquired Source of acquisition Cost, normal purchase price Inventory number Total Checkouts Full call number Barcode Date last seen Cost, replacement price Price effective from Koha item type
        CRC Fr. Agnel's C.Rodrigues College of Engineering Fr. Agnel's C.Rodrigues College of Engineering 17/03/2023 Professional Book House. 265.00 352 dt 10/01/2008   658.1554/MON MON 18219 17/03/2023 285.00   BOOK